000 00878nam a2200241Ia 4500
003 IN-BaIIA
008 211028s9999 xx 000 0 eng d
040 _cIIA Library
080 _a084.4:52
_bWIN
100 _aWing, Robert F.
_913480
245 0 _aAtlas of high resolution IUE spectra of late-type stars 2500-3230 Angstrom
_cRobert F. Wing, Kenneth G. Carpenter and Glenn M. Wahlgren
260 _aOhio
_bPerkins Observatory
_c1983
300 _axxvii, 107p.
490 _aPerkins Observatory special publication; no. 1
650 _aAstronomy and Astrophysics Thesaurus
650 _aAtlas-IUE spectra
_913481
650 _aAtlas-Spectra
_91831
650 _aAtlas-Stars
_91192
650 _aLate type stars atlas
_913482
700 _aCarpenter, Kenneth G.
_913483
700 _aWahlgren, Glenn M.
_913484
942 _cBK
999 _c7992
_d7992